00597nam a2200205Ia 4500001000700000003000500007008004100012010001100053040000900064082001500073100008400088245005800172260005000230300001100280440000500291500000500296503001500301650003100316650004400347Z_2771CHAP220113s1998 xx 000 0 und d a163578 cCHAP a636.08 F67 aForo de Análisis de los Recursos Genéticos (4 : 1998 : Villahermosa, Tab.) aGanadería bovina de doble propósito /cpor SAGAR aVillahermosa, Tab. :bLa Secretaría,c1998 a110 p. a a aDONACIÓN aGanado bovinoxgenética  aGanado de doble propósitoxGenética